[Event "Buryatia-ch Superfinal 2nd"]
[Site "Ulan-Ude"]
[Date "2014.01.09"]
[Round "7"]
[White "Malanova, Aryuna"]
[Black "Mogloev, Alexander"]
[Result "1-0"]
[WhiteElo "1947"]
[BlackElo "1815"]
[PlyCount "39"]
[EventDate "2014.01.05"]
[EventType "swiss"]
[EventRounds "9"]
[EventCountry "RUS"]
[SourceTitle "EXT 2015"]
[Source "ChessBase"]
[SourceDate "2014.11.20"]
[SourceVersion "1"]
[SourceVersionDate "2014.11.20"]
[SourceQuality "1"]

1. e4 c5 2. Nf3 e6 3. d4 cxd4 4. Nxd4 Nf6 5. Nc3 Nc6 6. Nxc6 bxc6 7. Bd3 Qc7 8. 0-0 Be7 9. f4 d5 10. f5 exf5 11. exd5 cxd5 12. Bxf5 Bxf5 13. Rxf5 Qc5+ 14. Kh1 g6 15. Re5 0-0-0 16. Bg5 Rhe8 17. Qe2 Qd6 18. Bxf6 Qxf6 19. Nxd5 Rxd5 20. Rxd5 1-0

[Event "Ulan-Ude Buryatia-ch"]
[Site "Ulan-Ude"]
[Date "2013.08.24"]
[Round "4"]
[White "Malanova, Aryuna"]
[Black "Mitypov, Bair"]
[Result "0-1"]
[WhiteElo "1960"]
[BlackElo "2224"]
[PlyCount "84"]
[EventDate "2013.08.22"]
[EventType "swiss"]
[EventRounds "9"]
[EventCountry "RUS"]
[SourceTitle "CBM 156 Extra"]
[Source "ChessBase"]
[SourceDate "2013.10.22"]
[SourceVersion "1"]
[SourceVersionDate "2013.10.22"]
[SourceQuality "1"]

1. e4 e5 2. Nf3 Nc6 3. Bc4 Bc5 4. d3 Nf6 5. 0-0 d6 6. c3 Bb6 7. Nbd2 0-0 8. Re1 Be6 9. Bb3 Ng4 10. Re2 d5 11. h3 dxe4 12. Nxe4 Bxb3 13. axb3 Nh6 14. Ng3 Qf6 15. Be3 Nf5 16. Nxf5 Qxf5 17. Qe1 f6 18. Rd1 Rad8 19. Bxb6 axb6 20. Re4 Rd7 21. d4 Rfd8 22. Rd2 exd4 23. Nxd4 Nxd4 24. Rdxd4 Kf7 25. Qe2 Rxd4 26. Re7+ Kf8 27. cxd4 Qc8 28. Qe4 h6 29. Re6 Qd7 30. d5 Kf7 31. f4 c6 32. Qb4 Qxd5 33. Re7+ Kg6 34. Rxb7 c5 35. Qxb6 Qd4+ 36. Kh1 Re8 37. f5+ Kh7 38. Qa5 Qf2 39. Qc7 Re1+ 40. Kh2 Qg1+ 41. Kg3 Re3+ 42. Kh4 Qxg2 0-1

[Event "Buryatia-ch"]
[Site "Ulan-Ude"]
[Date "2013.01.06"]
[Round "7"]
[White "Malanova, Aryuna"]
[Black "Bayanbaigal, Rencendagva"]
[Result "1-0"]
[WhiteElo "1885"]
[BlackElo "2154"]
[PlyCount "89"]
[EventDate "2013.01.02"]
[EventType "swiss"]
[EventRounds "9"]
[EventCountry "RUS"]
[SourceTitle "CBM 152 Extra"]
[Source "ChessBase"]
[SourceDate "2013.02.25"]
[SourceVersion "1"]
[SourceVersionDate "2013.02.25"]
[SourceQuality "1"]

1. e4 d6 2. d4 Nf6 3. Nc3 g6 4. Nf3 Bg7 5. Bd3 0-0 6. 0-0 Bg4 7. h3 Bxf3 8. Qxf3 Nc6 9. Be3 e5 10. Ne2 d5 11. Rad1 Nxe4 12. Bxe4 dxe4 13. Qxe4 f5 14. Qd3 Kh8 15. dxe5 Nxe5 16. Qxd8 Rfxd8 17. b3 Kg8 18. Nd4 f4 19. Bxf4 Rxd4 20. Rxd4 Nf3+ 21. gxf3 Bxd4 22. Rd1 Rd8 23. Be3 Bf6 24. Rxd8+ Bxd8 25. Bxa7 b6 26. c4 Kf7 27. c5 Ke6 28. cxb6 cxb6 29. Bb8 Kd5 30. Kf1 Kd4 31. Ke2 Kc3 32. Be5+ Kc2 33. Ke3 Be7 34. Bd4 Bd8 35. Kf4 b5 36. b4 Kb1 37. Ke5 Kxa2 38. f4 Kb3 39. Bc5 Bc7+ 40. Ke4 Kc4 41. f5 gxf5+ 42. Kxf5 Ba5 43. bxa5 Kxc5 44. Ke4 b4 45. Kd3 1-0

[Event "Ulan-Ude VIII festival Baikal"]
[Site "Ulan-Ude"]
[Date "2012.07.01"]
[Round "9.11"]
[White "Malanova, Aryuna"]
[Black "Samdanova, Surena"]
[Result "0-1"]
[WhiteElo "1793"]
[BlackElo "1857"]
[PlyCount "62"]
[EventDate "2012.06.26"]
[EventType "swiss"]
[EventRounds "9"]
[EventCountry "RUS"]
[SourceTitle "EXT 2022"]
[Source "ChessBase"]
[SourceDate "2021.10.06"]
[SourceVersion "1"]
[SourceVersionDate "2021.10.06"]
[SourceQuality "1"]

1. e4 c5 2. Nf3 Nc6 3. d4 cxd4 4. Nxd4 Nf6 5. Nc3 d6 6. Be2 e6 7. Be3 Be7 8. Bf3 0-0 9. 0-0 a6 10. a4 Qc7 11. Nb3 b6 12. Be2 Bb7 13. f4 Rad8 14. Bd3 Nb4 15. Rc1 d5 16. e5 Ne4 17. Qh5 g6 18. Qg4 Nc5 19. Nxc5 bxc5 20. f5 Nxd3 21. cxd3 Qxe5 22. Bh6 Rfe8 23. Rce1 Qd4+ 24. Qxd4 cxd4 25. fxe6 fxe6 26. Ne2 e5 27. Ng3 Bb4 28. Re2 e4 29. dxe4 dxe4 30. Ref2 Bd5 31. Ne2 d3 0-1